00780nam a2200205 a 450000100100000000500170001000800410002704000250006808200200009310000460011324500450015926000410020430000200024559000270026565000290029265000310032191000370035295201680038999900170055700003223420240411074013.0110713s19uu dr r 000 j spa d aDO-SdBNPbspacBNPHU aRD863.42bM738d1 aMonclús, Miguel Angeld1873-196793105810aDe montería /cMiguel Angel Monclús. a[Santo Domingo] :b[s.n.],c[19--?]. a90 p. ;c20 cm. aInventariado, 2018/ YL 0aCuentos dominicanos9176 4aLiteratura domicana923570 aValidado. Control de calidad MFF 001050718RVaPDbPDcHDd2011-07-13iLF1l0oRD863.42 M738dp32234-10r2020-06-25w2020-06-25y1zPerteneció a la colección Julio Ortega FrierZNo se presta c31725d31725